00482nam a2200181 a 4500008004100000020002000041040002500061041000800086044001100094080001200105245002100117250001800138260002600156300003100182500002200213504001900235650004600254990430s1998 xo gp r yy 0 slo c a8088824400cDar aSNKbslocSNKeAACR21 aslo axocSK a61(035)10aVademecum medici a5. nezm. vyd. aMartinbOsvetacc1998 a1824 s.bsch., tab.c21 cm aAut. a zost. kol. aZoz. tab. Reg.07amedicína praktickáxpríručky2SNK